Vista normal
Vista MARC
Entrada Personal Name
Número de registros utilizados en: 1
001 - CONTROL NUMBER
- control field: 9064
003 - CONTROL NUMBER IDENTIFIER
- control field: OSt
005 - DATE AND TIME OF LATEST TRANSACTION
- control field: 20200821135620.0
008 - FIXED-LENGTH DATA ELEMENTS
- fixed length control field: 200821|| aca||aabn | a|a d
040 ## - CATALOGING SOURCE
- Original cataloging agency: OSt
- Transcribing agency: OSt
100 ## - HEADING--PERSONAL NAME
- Personal name: Bertín, Hugo D.
670 ## - SOURCE DATA FOUND
- Source citation: Work cat.: (OSt)6048: Bertín, Hugo D., autor, Los Nuevos Sisitemas de Pensiones en America Latina /, 1997.